000 00767nam0a22002651 4500
001 RU\NLR\INFOCOMM17\ROSSICA\1000271192
005 20250613193340.0
035 _a(NLR Aleph) 009970642
090 _a9645713
_c9645713
100 _a20030428d1741 |||y0rusy50 ca
101 0 _ager
102 _aRU
105 _ay ||||000ay
200 1 _aGeschichte und Thaten der jungst-verstorbenen Kayserin Anna, Selbsthalterin aller Reussen
_eMit unpartheyischer Feder entworfen
210 _aPetersburg
_d1741
215 _d
300 _a2 экз.
600 0 _aAnna Ioanovna
_cимп.
_f1693-1740
_2PSBO
801 1 _aRU
_bInfoComm
_c20030428
801 0 _aRU
_bNLR
_gPSBO
852 _aNLR
_j13.9.11.25
942 _cBOOK
980 _aNB
980 _aRossica